00203nam a2200085Ia 4500008004100000100001400041245003800055260001500093260000900108170617s9999 xx 000 0 und d aKadam-S.S 0aPrincipals of Midicinal Chemistry bNirali Pub c2008